00361nam a2200145Ia 4500008004100000020001800041041000800059082001600067100001900083245003900102250000600141260003000147300001300177650002500190210716s2013 xx 000 0 und d a9780750686440 aeng a005.41 GANJ aGanssle, Jack. aArt of designing embedded systems. a2 aNew DelhibElsevierc2013 aviii,298 aEmbedded Programming